[Event "DEM U18 2024"]
[Site "Willingen GER"]
[Date "2024.05.20"]
[Round "3"]
[White "Haack, Kevin"]
[Black "Sidletskyi, Ivan"]
[Result "1-0"]
[Termination "normal"]
[Board "1"]
[WhiteTitle "FM"]
[BlackTitle "FM"]
[WhiteElo "2286"]
[BlackElo "2346"]
[WhiteClock "00:15:48"]
[BlackClock "00:01:12"]
[PlyCount "101"]
[WhiteFideId "16228715"]
[BlackFideId "14156024"]
[EventCountry "GER"]
[EventRounds "9"]
[EventType "swiss"]
[EventDate "2024.05.18"]

1. d4 {[%clk 01:30:58]} {[%emt 00:00:01]} e6 {[%clk 01:30:08]} {[%emt
00:00:53]} 2. c4 {[%clk 01:31:15]} {[%emt 00:00:12]} Nf6 {[%clk 01:30:22]}
{[%emt 00:00:17]} 3. g3 {[%clk 01:30:42]} {[%emt 00:01:03]} d5 {[%clk
01:30:34]} {[%emt 00:00:17]} 4. Nf3 {[%clk 01:31:02]} {[%emt 00:00:10]} Be7
{[%clk 01:28:59]} {[%emt 00:02:06]} 5. Bg2 {[%clk 01:31:25]} {[%emt 00:00:07]}
O-O {[%clk 01:29:18]} {[%emt 00:00:11]} 6. Nc3 {[%clk 01:31:51]} {[%emt
00:00:04]} c6 {[%clk 01:25:02]} {[%emt 00:04:47]} 7. O-O {[%clk 01:32:15]}
{[%emt 00:00:05]} b6 {[%clk 01:24:13]} {[%emt 00:01:19]} 8. Ne5 {[%clk
01:32:39]} {[%emt 00:00:05]} Bb7 {[%clk 01:17:37]} {[%emt 00:07:07]} 9. e4
{[%clk 01:32:22]} {[%emt 00:00:46]} dxc4 {[%clk 01:06:29]} {[%emt 00:11:39]}
10. Nxc4 {[%clk 01:32:50]} {[%emt 00:00:02]} Nbd7 {[%clk 00:57:19]} {[%emt
00:09:40]} 11. Re1 {[%clk 01:22:48]} {[%emt 00:10:32]} b5 {[%clk 00:55:03]}
{[%emt 00:02:46]} 12. Ne3 {[%clk 01:22:08]} {[%emt 00:01:09]} Nb6 {[%clk
00:53:05]} {[%emt 00:02:29]} 13. e5 {[%clk 01:16:10]} {[%emt 00:06:28]} Nfd5
{[%clk 00:50:23]} {[%emt 00:03:11]} 14. Ne4 {[%clk 01:14:20]} {[%emt 00:02:20]}
Nd7 {[%clk 00:47:26]} {[%emt 00:03:28]} 15. Qg4 {[%clk 01:09:13]} {[%emt
00:05:36]} Kh8 {[%clk 00:43:12]} {[%emt 00:04:44]} 16. Qh5 {[%clk 01:06:57]}
{[%emt 00:02:46]} c5 {[%clk 00:40:24]} {[%emt 00:03:19]} 17. Nxd5 {[%clk
00:58:30]} {[%emt 00:08:56]} Bxd5 {[%clk 00:39:20]} {[%emt 00:01:34]} 18. Ng5
{[%clk 00:55:23]} {[%emt 00:03:36]} Bxg5 {[%clk 00:39:44]} {[%emt 00:00:07]}
19. Bxg5 {[%clk 00:55:38]} {[%emt 00:00:16]} Qe8 {[%clk 00:38:32]} {[%emt
00:01:42]} 20. Bxd5 {[%clk 00:43:25]} {[%emt 00:12:42]} exd5 {[%clk 00:39:00]}
{[%emt 00:00:02]} 21. dxc5 {[%clk 00:42:59]} {[%emt 00:00:57]} Nxc5 {[%clk
00:38:52]} {[%emt 00:00:38]} 22. Be3 {[%clk 00:43:09]} {[%emt 00:00:20]} Nd3
{[%clk 00:33:07]} {[%emt 00:06:15]} 23. Red1 {[%clk 00:41:55]} {[%emt
00:01:43]} Nxb2 {[%clk 00:31:54]} {[%emt 00:01:43]} 24. Rxd5 {[%clk 00:39:59]}
{[%emt 00:02:27]} Nc4 {[%clk 00:29:36]} {[%emt 00:02:47]} 25. Bc5 {[%clk
00:38:40]} {[%emt 00:01:49]} Qe6 {[%clk 00:23:35]} {[%emt 00:06:31]} 26. Rad1
{[%clk 00:38:51]} {[%emt 00:00:19]} Rfe8 {[%clk 00:22:30]} {[%emt 00:01:36]}
27. f4 {[%clk 00:32:52]} {[%emt 00:06:29]} g6 {[%clk 00:11:08]} {[%emt
00:11:52]} 28. Qh4 {[%clk 00:31:36]} {[%emt 00:01:46]} Rac8 {[%clk 00:04:43]}
{[%emt 00:06:55]} 29. Rd8 {[%clk 00:31:21]} {[%emt 00:00:44]} Kg7 {[%clk
00:04:37]} {[%emt 00:00:37]} 30. Rxe8 {[%clk 00:16:08]} {[%emt 00:15:43]} Rxe8
{[%clk 00:04:55]} {[%emt 00:00:12]} 31. Rd8 {[%clk 00:16:26]} {[%emt 00:00:11]}
Rxd8 {[%clk 00:04:38]} {[%emt 00:00:48]} 32. Qxd8 {[%clk 00:16:53]} {[%emt
00:00:02]} h6 {[%clk 00:04:07]} {[%emt 00:01:01]} 33. Bxa7 {[%clk 00:16:05]}
{[%emt 00:01:19]} g5 {[%clk 00:00:48]} {[%emt 00:03:49]} 34. fxg5 {[%clk
00:15:14]} {[%emt 00:01:20]} Nxe5 {[%clk 00:00:39]} {[%emt 00:00:40]} 35. gxh6+
{[%clk 00:08:31]} {[%emt 00:07:12]} Kh7 {[%clk 00:00:59]} {[%emt 00:00:10]} 36.
Qf8 {[%clk 00:05:12]} {[%emt 00:03:49]} Qxh6 {[%clk 00:00:41]} {[%emt
00:00:48]} 37. Qxh6+ {[%clk 00:03:51]} {[%emt 00:01:51]} Kxh6 {[%clk 00:01:10]}
{[%emt 00:00:02]} 38. h3 {[%clk 00:02:20]} {[%emt 00:02:01]} Nd3 {[%clk
00:01:18]} {[%emt 00:00:22]} 39. Kg2 {[%clk 00:00:55]} {[%emt 00:01:54]} Kg6
{[%clk 00:01:03]} {[%emt 00:00:45]} 40. Be3 {[%clk 00:00:54]} {[%emt 00:00:31]}
Kf5 {[%clk 00:01:11]} {[%emt 00:00:23]} 41. Kf3 {[%clk 00:00:38]} {[%emt
00:00:46]} Nb4 {[%clk 00:16:29]} {[%emt 00:15:11]} 42. a3 {[%clk 00:29:49]}
{[%emt 00:01:19]} Nd3 {[%clk 00:16:17]} {[%emt 00:00:41]} 43. Bd4 {[%clk
00:22:03]} {[%emt 00:08:16]} Nc1 {[%clk 00:05:30]} {[%emt 00:11:18]} 44. Ke3
{[%clk 00:20:00]} {[%emt 00:02:33]} Nb3 {[%clk 00:03:07]} {[%emt 00:02:54]} 45.
Bb6 {[%clk 00:19:24]} {[%emt 00:01:06]} Ke5 {[%clk 00:01:45]} {[%emt 00:01:51]}
46. h4 {[%clk 00:19:18]} {[%emt 00:00:35]} Kf5 {[%clk 00:01:17]} {[%emt
00:00:59]} 47. Kd3 {[%clk 00:18:42]} {[%emt 00:01:06]} Nc1+ {[%clk 00:01:07]}
{[%emt 00:00:41]} 48. Kd2 {[%clk 00:18:59]} {[%emt 00:00:13]} Na2 {[%clk
00:00:54]} {[%emt 00:00:42]} 49. Bc5 {[%clk 00:18:14]} {[%emt 00:01:14]} Kg4
{[%clk 00:00:59]} {[%emt 00:00:26]} 50. Bd6 {[%clk 00:17:33]} {[%emt 00:01:11]}
f5 {[%clk 00:01:12]} {[%emt 00:00:17]} 51. Kc2 {[%clk 00:15:48]} {[%emt
00:02:15]} 1-0

[Event "DEM U18 2024"]
[Site "Willingen GER"]
[Date "2024.05.20"]
[Round "3"]
[White "Duong, Quang Bach"]
[Black "Bilovil, Bogdan"]
[Result "0-1"]
[Termination "normal"]
[Board "2"]
[BlackTitle "FM"]
[WhiteElo "2168"]
[BlackElo "2429"]
[WhiteClock "00:04:57"]
[BlackClock "00:09:09"]
[PlyCount "80"]
[WhiteFideId "16287045"]
[BlackFideId "14168766"]
[EventCountry "GER"]
[EventRounds "9"]
[EventType "swiss"]
[EventDate "2024.05.18"]

1. e4 {[%clk 01:30:58]} {[%emt 00:00:01]} e5 {[%clk 01:30:29]} {[%emt
00:00:31]} 2. Nf3 {[%clk 01:31:17]} {[%emt 00:00:10]} Nc6 {[%clk 01:30:51]}
{[%emt 00:00:09]} 3. Bc4 {[%clk 01:31:40]} {[%emt 00:00:07]} Bc5 {[%clk
01:31:05]} {[%emt 00:00:16]} 4. c3 {[%clk 01:32:03]} {[%emt 00:00:07]} Nf6
{[%clk 01:31:28]} {[%emt 00:00:06]} 5. d3 {[%clk 01:32:26]} {[%emt 00:00:08]}
d6 {[%clk 01:31:04]} {[%emt 00:00:54]} 6. O-O {[%clk 01:32:40]} {[%emt
00:00:17]} a6 {[%clk 01:30:31]} {[%emt 00:01:03]} 7. a4 {[%clk 01:32:54]}
{[%emt 00:00:15]} Ba7 {[%clk 01:30:17]} {[%emt 00:00:44]} 8. Re1 {[%clk
01:32:58]} {[%emt 00:00:26]} h6 {[%clk 01:29:17]} {[%emt 00:01:30]} 9. Nbd2
{[%clk 01:32:53]} {[%emt 00:00:34]} O-O {[%clk 01:27:57]} {[%emt 00:01:51]} 10.
h3 {[%clk 01:33:14]} {[%emt 00:00:09]} Ne7 {[%clk 01:27:42]} {[%emt 00:00:45]}
11. a5 {[%clk 01:28:13]} {[%emt 00:05:31]} Ng6 {[%clk 01:26:01]} {[%emt
00:02:11]} 12. d4 {[%clk 01:27:21]} {[%emt 00:01:22]} exd4 {[%clk 01:23:13]}
{[%emt 00:03:18]} 13. cxd4 {[%clk 01:25:02]} {[%emt 00:02:49]} d5 {[%clk
01:23:28]} {[%emt 00:00:16]} 14. exd5 {[%clk 01:24:56]} {[%emt 00:00:35]} Nxd5
{[%clk 01:19:09]} {[%emt 00:04:49]} 15. Ne4 {[%clk 01:18:17]} {[%emt 00:07:08]}
c6 {[%clk 01:16:25]} {[%emt 00:03:15]} 16. Nc5 {[%clk 01:13:35]} {[%emt
00:05:12]} Qf6 {[%clk 01:03:09]} {[%emt 00:13:45]} 17. Ra3 {[%clk 01:05:40]}
{[%emt 00:08:26]} Rd8 {[%clk 00:54:34]} {[%emt 00:09:05]} 18. Ne4 {[%clk
00:51:48]} {[%emt 00:14:22]} Qe7 {[%clk 00:53:48]} {[%emt 00:01:16]} 19. Ne5
{[%clk 00:44:19]} {[%emt 00:07:59]} Nxe5 {[%clk 00:43:11]} {[%emt 00:11:07]}
20. dxe5 {[%clk 00:44:43]} {[%emt 00:00:05]} Qxe5 {[%clk 00:43:22]} {[%emt
00:00:20]} 21. Rf3 {[%clk 00:42:45]} {[%emt 00:02:28]} Be6 {[%clk 00:39:33]}
{[%emt 00:04:19]} 22. Bd3 {[%clk 00:35:36]} {[%emt 00:07:38]} Qd4 {[%clk
00:33:04]} {[%emt 00:06:59]} 23. Rg3 {[%clk 00:32:55]} {[%emt 00:03:11]} Kf8
{[%clk 00:26:07]} {[%emt 00:07:28]} 24. Qf3 {[%clk 00:31:08]} {[%emt 00:02:17]}
Ne7 {[%clk 00:17:12]} {[%emt 00:09:25]} 25. Bd2 {[%clk 00:25:02]} {[%emt
00:06:36]} Nf5 {[%clk 00:15:33]} {[%emt 00:02:09]} 26. Bc3 {[%clk 00:25:04]}
{[%emt 00:00:27]} Qd5 {[%clk 00:15:40]} {[%emt 00:00:24]} 27. Rxg7 {[%clk
00:10:28]} {[%emt 00:15:06]} Nxg7 {[%clk 00:12:11]} {[%emt 00:03:59]} 28. Bxg7+
{[%clk 00:08:31]} {[%emt 00:02:27]} Kxg7 {[%clk 00:12:36]} {[%emt 00:00:05]}
29. Qf6+ {[%clk 00:07:09]} {[%emt 00:01:52]} Kf8 {[%clk 00:12:57]} {[%emt
00:00:09]} 30. Qxh6+ {[%clk 00:06:38]} {[%emt 00:01:01]} Ke7 {[%clk 00:13:21]}
{[%emt 00:00:05]} 31. Ng5 {[%clk 00:06:39]} {[%emt 00:00:29]} Rd6 {[%clk
00:06:46]} {[%emt 00:07:06]} 32. Qg7 {[%clk 00:06:34]} {[%emt 00:00:35]} Bxf2+
{[%clk 00:06:24]} {[%emt 00:00:52]} 33. Kxf2 {[%clk 00:06:04]} {[%emt
00:00:59]} Qd4+ {[%clk 00:06:53]} {[%emt 00:00:01]} 34. Qxd4 {[%clk 00:06:28]}
{[%emt 00:00:07]} Rxd4 {[%clk 00:07:19]} {[%emt 00:00:03]} 35. Nxe6 {[%clk
00:05:01]} {[%emt 00:01:58]} fxe6 {[%clk 00:07:40]} {[%emt 00:00:08]} 36. Re3
{[%clk 00:05:21]} {[%emt 00:00:10]} Rf8+ {[%clk 00:07:59]} {[%emt 00:00:11]}
37. Kg3 {[%clk 00:05:30]} {[%emt 00:00:22]} Rb4 {[%clk 00:08:13]} {[%emt
00:00:16]} 38. h4 {[%clk 00:05:10]} {[%emt 00:00:50]} Rb3 {[%clk 00:08:29]}
{[%emt 00:00:13]} 39. h5 {[%clk 00:04:44]} {[%emt 00:00:57]} Rd8 {[%clk
00:08:50]} {[%emt 00:00:08]} 40. h6 {[%clk 00:04:57]} {[%emt 00:00:17]} Rbxd3
{[%clk 00:09:09]} {[%emt 00:00:11]} 0-1

[Event "DEM U18 2024"]
[Site "Willingen GER"]
[Date "2024.05.20"]
[Round "3"]
[White "Petrovskiy, Vadim"]
[Black "Chassard, Cedric"]
[Result "1/2-1/2"]
[Termination "normal"]
[Board "3"]
[WhiteTitle "IM"]
[BlackTitle "FM"]
[WhiteElo "2424"]
[BlackElo "2246"]
[WhiteClock "00:11:28"]
[BlackClock "00:13:39"]
[PlyCount "55"]
[WhiteFideId "14165210"]
[BlackFideId "16243536"]
[EventCountry "GER"]
[EventRounds "9"]
[EventType "swiss"]
[EventDate "2024.05.18"]

1. d4 {[%clk 01:29:44]} {[%emt 00:01:07]} Nf6 {[%clk 01:30:56]} {[%emt
00:00:12]} 2. c4 {[%clk 01:29:34]} {[%emt 00:00:40]} e6 {[%clk 01:31:19]}
{[%emt 00:00:07]} 3. Nf3 {[%clk 01:29:38]} {[%emt 00:00:27]} d5 {[%clk
01:31:42]} {[%emt 00:00:07]} 4. Nc3 {[%clk 01:29:28]} {[%emt 00:00:40]} dxc4
{[%clk 01:32:00]} {[%emt 00:00:11]} 5. e4 {[%clk 01:28:32]} {[%emt 00:01:26]}
b5 {[%clk 01:32:22]} {[%emt 00:00:09]} 6. e5 {[%clk 01:28:15]} {[%emt
00:00:47]} Nd5 {[%clk 01:32:44]} {[%emt 00:00:07]} 7. Nxb5 {[%clk 01:28:29]}
{[%emt 00:00:17]} Nb6 {[%clk 01:33:09]} {[%emt 00:00:05]} 8. Be2 {[%clk
01:28:16]} {[%emt 00:00:43]} Nc6 {[%clk 01:33:22]} {[%emt 00:00:17]} 9. O-O
{[%clk 01:28:31]} {[%emt 00:00:15]} Be7 {[%clk 01:33:36]} {[%emt 00:00:15]} 10.
Nc3 {[%clk 01:28:34]} {[%emt 00:00:28]} O-O {[%clk 01:29:45]} {[%emt 00:04:20]}
11. Qd2 {[%clk 01:26:45]} {[%emt 00:02:20]} Nb4 {[%clk 01:11:43]} {[%emt
00:18:33]} 12. a3 {[%clk 00:56:45]} {[%emt 00:30:30]} N4d5 {[%clk 01:10:49]}
{[%emt 00:01:23]} 13. Ne4 {[%clk 00:56:58]} {[%emt 00:00:16]} Bb7 {[%clk
01:02:57]} {[%emt 00:08:22]} 14. Qc2 {[%clk 00:56:27]} {[%emt 00:01:01]} Rc8
{[%clk 00:53:42]} {[%emt 00:09:46]} 15. Rd1 {[%clk 00:36:37]} {[%emt 00:20:20]}
Qd7 {[%clk 00:41:38]} {[%emt 00:12:34]} 16. Nc5 {[%clk 00:22:11]} {[%emt
00:14:56]} Qc6 {[%clk 00:41:47]} {[%emt 00:00:20]} 17. Nxb7 {[%clk 00:21:43]}
{[%emt 00:00:58]} Qxb7 {[%clk 00:42:11]} {[%emt 00:00:06]} 18. Bxc4 {[%clk
00:15:50]} {[%emt 00:06:23]} Nxc4 {[%clk 00:40:43]} {[%emt 00:01:59]} 19. Qxc4
{[%clk 00:16:19]} {[%emt 00:00:01]} c5 {[%clk 00:41:04]} {[%emt 00:00:09]} 20.
dxc5 {[%clk 00:15:46]} {[%emt 00:01:02]} Rfd8 {[%clk 00:38:17]} {[%emt
00:03:17]} 21. b4 {[%clk 00:11:13]} {[%emt 00:05:04]} Nxb4 {[%clk 00:35:24]}
{[%emt 00:03:22]} 22. Bg5 {[%clk 00:11:42]} {[%emt 00:00:01]} Nd5 {[%clk
00:27:36]} {[%emt 00:08:19]} 23. Bxe7 {[%clk 00:12:00]} {[%emt 00:00:12]} Qxe7
{[%clk 00:27:58]} {[%emt 00:00:07]} 24. Rac1 {[%clk 00:11:41]} {[%emt
00:00:50]} Rd7 {[%clk 00:26:48]} {[%emt 00:01:40]} 25. Rd2 {[%clk 00:11:25]}
{[%emt 00:00:46]} Rdc7 {[%clk 00:26:40]} {[%emt 00:00:36]} 26. Rdc2 {[%clk
00:10:44]} {[%emt 00:01:13]} Rxc5 {[%clk 00:13:15]} {[%emt 00:13:55]} 27. Qxc5
{[%clk 00:11:02]} {[%emt 00:00:11]} Rxc5 {[%clk 00:13:39]} {[%emt 00:00:07]}
28. Rxc5 {[%clk 00:11:28]} {[%emt 00:00:04]} 1/2-1/2

[Event "DEM U18 2024"]
[Site "Willingen GER"]
[Date "2024.05.20"]
[Round "3"]
[White "Bui, Bao Anh Le"]
[Black "Farokhi, Keyvan"]
[Result "1/2-1/2"]
[Termination "normal"]
[Board "4"]
[BlackTitle "FM"]
[WhiteElo "2150"]
[BlackElo "2299"]
[WhiteClock "00:01:53"]
[BlackClock "00:12:22"]
[PlyCount "70"]
[WhiteFideId "12970719"]
[BlackFideId "12998630"]
[EventCountry "GER"]
[EventRounds "9"]
[EventType "swiss"]
[EventDate "2024.05.18"]

1. e4 {[%clk 01:30:22]} {[%emt 00:00:37]} c5 {[%clk 01:30:36]} {[%emt
00:00:24]} 2. Nf3 {[%clk 01:30:10]} {[%emt 00:00:42]} Nc6 {[%clk 01:30:27]}
{[%emt 00:00:38]} 3. g3 {[%clk 01:18:01]} {[%emt 00:12:40]} Nf6 {[%clk
01:26:00]} {[%emt 00:04:56]} 4. Nc3 {[%clk 01:17:31]} {[%emt 00:01:02]} e5
{[%clk 01:23:52]} {[%emt 00:02:37]} 5. Bg2 {[%clk 01:16:14]} {[%emt 00:01:47]}
Be7 {[%clk 01:20:11]} {[%emt 00:04:11]} 6. d3 {[%clk 01:14:27]} {[%emt
00:02:16]} d6 {[%clk 01:15:24]} {[%emt 00:05:17]} 7. O-O {[%clk 01:07:56]}
{[%emt 00:07:02]} O-O {[%clk 01:13:56]} {[%emt 00:01:57]} 8. Nd2 {[%clk
01:02:28]} {[%emt 00:05:59]} Nd4 {[%clk 01:04:23]} {[%emt 00:10:03]} 9. Nc4
{[%clk 00:57:51]} {[%emt 00:05:08]} Bg4 {[%clk 00:59:58]} {[%emt 00:04:54]} 10.
f3 {[%clk 00:57:02]} {[%emt 00:01:18]} Be6 {[%clk 01:00:14]} {[%emt 00:00:14]}
11. Ne3 {[%clk 00:51:57]} {[%emt 00:05:35]} b5 {[%clk 00:43:49]} {[%emt
00:16:56]} 12. f4 {[%clk 00:48:05]} {[%emt 00:04:23]} b4 {[%clk 00:43:07]}
{[%emt 00:01:11]} 13. Ne2 {[%clk 00:44:48]} {[%emt 00:03:47]} Rc8 {[%clk
00:39:38]} {[%emt 00:03:58]} 14. f5 {[%clk 00:38:31]} {[%emt 00:06:48]} Bd7
{[%clk 00:39:56]} {[%emt 00:00:12]} 15. c3 {[%clk 00:38:31]} {[%emt 00:00:30]}
bxc3 {[%clk 00:36:45]} {[%emt 00:03:42]} 16. bxc3 {[%clk 00:38:44]} {[%emt
00:00:16]} Ba4 {[%clk 00:36:33]} {[%emt 00:00:41]} 17. Qd2 {[%clk 00:33:11]}
{[%emt 00:06:03]} Nxe2+ {[%clk 00:34:43]} {[%emt 00:02:21]} 18. Qxe2 {[%clk
00:33:35]} {[%emt 00:00:06]} Bc6 {[%clk 00:34:52]} {[%emt 00:00:22]} 19. c4
{[%clk 00:17:19]} {[%emt 00:16:46]} Rb8 {[%clk 00:33:04]} {[%emt 00:02:16]} 20.
Qc2 {[%clk 00:14:55]} {[%emt 00:02:54]} Nd7 {[%clk 00:31:15]} {[%emt 00:02:17]}
21. h4 {[%clk 00:13:44]} {[%emt 00:01:43]} Rb7 {[%clk 00:28:04]} {[%emt
00:03:40]} 22. Bd2 {[%clk 00:13:00]} {[%emt 00:01:13]} Qc7 {[%clk 00:21:16]}
{[%emt 00:07:20]} 23. Rfb1 {[%clk 00:12:05]} {[%emt 00:01:25]} Rfb8 {[%clk
00:21:26]} {[%emt 00:00:20]} 24. Rxb7 {[%clk 00:12:08]} {[%emt 00:00:28]} Qxb7
{[%clk 00:21:40]} {[%emt 00:00:14]} 25. Bf3 {[%clk 00:10:58]} {[%emt 00:01:40]}
Qb2 {[%clk 00:17:56]} {[%emt 00:04:14]} 26. Qxb2 {[%clk 00:10:55]} {[%emt
00:00:34]} Rxb2 {[%clk 00:18:17]} {[%emt 00:00:09]} 27. Bc3 {[%clk 00:11:15]}
{[%emt 00:00:10]} Rb7 {[%clk 00:17:46]} {[%emt 00:01:01]} 28. Bd1 {[%clk
00:11:00]} {[%emt 00:00:45]} Nb8 {[%clk 00:17:19]} {[%emt 00:00:56]} 29. Bc2
{[%clk 00:10:09]} {[%emt 00:01:21]} g6 {[%clk 00:14:18]} {[%emt 00:03:31]} 30.
Rb1 {[%clk 00:03:03]} {[%emt 00:07:37]} Rxb1+ {[%clk 00:13:43]} {[%emt
00:01:04]} 31. Bxb1 {[%clk 00:03:29]} {[%emt 00:00:05]} Bd7 {[%clk 00:14:03]}
{[%emt 00:00:10]} 32. Bc2 {[%clk 00:03:00]} {[%emt 00:00:59]} Bd8 {[%clk
00:12:53]} {[%emt 00:01:39]} 33. Kf2 {[%clk 00:02:37]} {[%emt 00:00:54]} Na6
{[%clk 00:13:03]} {[%emt 00:00:19]} 34. a3 {[%clk 00:02:23]} {[%emt 00:00:44]}
Kf8 {[%clk 00:12:18]} {[%emt 00:01:13]} 35. Bd1 {[%clk 00:01:53]} {[%emt
00:01:02]} Nb8 {[%clk 00:12:22]} {[%emt 00:00:27]} 1/2-1/2

[Event "DEM U18 2024"]
[Site "Willingen GER"]
[Date "2024.05.20"]
[Round "3"]
[White "Rempe, Jonas"]
[Black "Eilenberg, Jonas"]
[Result "1-0"]
[Termination "normal"]
[Board "5"]
[BlackTitle "FM"]
[WhiteElo "2170"]
[BlackElo "2296"]
[WhiteClock "00:25:40"]
[BlackClock "00:38:42"]
[PlyCount "95"]
[WhiteFideId "16202406"]
[BlackFideId "16204271"]
[EventCountry "GER"]
[EventRounds "9"]
[EventType "swiss"]
[EventDate "2024.05.18"]

1. e4 {[%clk 01:30:47]} {[%emt 00:00:11]} e5 {[%clk 01:30:52]} {[%emt
00:00:09]} 2. Nf3 {[%clk 01:31:09]} {[%emt 00:00:08]} Nc6 {[%clk 01:31:17]}
{[%emt 00:00:06]} 3. Bb5 {[%clk 01:31:31]} {[%emt 00:00:08]} a6 {[%clk
01:31:39]} {[%emt 00:00:07]} 4. Ba4 {[%clk 01:31:56]} {[%emt 00:00:05]} Nf6
{[%clk 01:32:03]} {[%emt 00:00:07]} 5. d4 {[%clk 01:32:22]} {[%emt 00:00:04]}
exd4 {[%clk 01:32:25]} {[%emt 00:00:08]} 6. O-O {[%clk 01:32:43]} {[%emt
00:00:09]} Be7 {[%clk 01:32:02]} {[%emt 00:00:53]} 7. Re1 {[%clk 01:23:55]}
{[%emt 00:09:17]} O-O {[%clk 01:24:36]} {[%emt 00:07:55]} 8. e5 {[%clk
01:22:18]} {[%emt 00:02:08]} Nd5 {[%clk 01:24:51]} {[%emt 00:00:15]} 9. Bb3
{[%clk 01:21:39]} {[%emt 00:01:09]} Nb6 {[%clk 01:25:10]} {[%emt 00:00:11]} 10.
Nxd4 {[%clk 01:21:13]} {[%emt 00:00:56]} Nxd4 {[%clk 01:22:36]} {[%emt
00:03:05]} 11. Qxd4 {[%clk 01:21:40]} {[%emt 00:00:02]} d5 {[%clk 01:22:57]}
{[%emt 00:00:09]} 12. c3 {[%clk 01:11:07]} {[%emt 00:11:03]} Bf5 {[%clk
01:19:24]} {[%emt 00:04:02]} 13. g4 {[%clk 01:09:06]} {[%emt 00:02:32]} Bg6
{[%clk 01:16:17]} {[%emt 00:03:37]} 14. f4 {[%clk 01:03:37]} {[%emt 00:05:59]}
c5 {[%clk 01:13:34]} {[%emt 00:03:13]} 15. Qd1 {[%clk 01:04:06]} {[%emt
00:00:01]} c4 {[%clk 00:59:56]} {[%emt 00:14:08]} 16. Bc2 {[%clk 01:00:51]}
{[%emt 00:03:44]} Bc5+ {[%clk 00:59:31]} {[%emt 00:00:56]} 17. Kg2 {[%clk
00:57:36]} {[%emt 00:03:43]} f5 {[%clk 00:46:14]} {[%emt 00:13:49]} 18. g5
{[%clk 00:53:02]} {[%emt 00:05:04]} d4 {[%clk 00:39:51]} {[%emt 00:06:54]} 19.
cxd4 {[%clk 00:43:25]} {[%emt 00:10:06]} Bxd4 {[%clk 00:37:35]} {[%emt
00:02:45]} 20. Nc3 {[%clk 00:39:44]} {[%emt 00:04:12]} Be8 {[%clk 00:34:55]}
{[%emt 00:03:10]} 21. Be3 {[%clk 00:39:36]} {[%emt 00:00:38]} Bc6+ {[%clk
00:34:24]} {[%emt 00:01:01]} 22. Kg3 {[%clk 00:40:04]} {[%emt 00:00:02]} Bxe3
{[%clk 00:27:01]} {[%emt 00:07:54]} 23. Rxe3 {[%clk 00:40:11]} {[%emt
00:00:22]} Qe8 {[%clk 00:26:41]} {[%emt 00:00:50]} 24. Qd4 {[%clk 00:34:18]}
{[%emt 00:06:19]} h6 {[%clk 00:26:03]} {[%emt 00:01:12]} 25. h4 {[%clk
00:12:11]} {[%emt 00:22:37]} hxg5 {[%clk 00:25:10]} {[%emt 00:01:24]} 26. hxg5
{[%clk 00:12:40]} {[%emt 00:00:01]} Qh5 {[%clk 00:24:47]} {[%emt 00:00:53]} 27.
Qd1 {[%clk 00:12:52]} {[%emt 00:00:18]} Qg6 {[%clk 00:20:46]} {[%emt 00:04:30]}
28. e6 {[%clk 00:10:30]} {[%emt 00:02:53]} Nc8 {[%clk 00:16:08]} {[%emt
00:05:08]} 29. Nd5 {[%clk 00:03:35]} {[%emt 00:07:25]} Bxd5 {[%clk 00:13:25]}
{[%emt 00:03:13]} 30. Qxd5 {[%clk 00:04:03]} {[%emt 00:00:01]} Ne7 {[%clk
00:13:19]} {[%emt 00:00:36]} 31. Qxb7 {[%clk 00:02:53]} {[%emt 00:01:41]} Qh5
{[%clk 00:13:47]} {[%emt 00:00:01]} 32. Bd1 {[%clk 00:03:15]} {[%emt 00:00:08]}
Qe8 {[%clk 00:14:16]} {[%emt 00:00:02]} 33. Bf3 {[%clk 00:02:46]} {[%emt
00:00:58]} Rb8 {[%clk 00:14:45]} 34. Qxa6 {[%clk 00:03:15]} {[%emt 00:00:01]}
Rxb2 {[%clk 00:14:55]} {[%emt 00:00:19]} 35. Qxc4 {[%clk 00:02:58]} {[%emt
00:00:48]} Qd8 {[%clk 00:14:01]} {[%emt 00:01:25]} 36. Rd1 {[%clk 00:02:42]}
{[%emt 00:00:46]} Qb6 {[%clk 00:13:45]} {[%emt 00:00:46]} 37. Qd4 {[%clk
00:02:37]} {[%emt 00:00:34]} Qb8 {[%clk 00:12:18]} {[%emt 00:01:58]} 38. Qd6
{[%clk 00:00:54]} {[%emt 00:02:12]} Qa7 {[%clk 00:12:47]} 39. Qa3 {[%clk
00:01:24]} Qb6 {[%clk 00:12:13]} {[%emt 00:01:05]} 40. Rd6 {[%clk 00:00:49]}
{[%emt 00:01:04]} Qc7 {[%clk 00:09:21]} {[%emt 00:03:21]} 41. Qxb2 {[%clk
00:27:32]} {[%emt 00:03:48]} Qxd6 {[%clk 00:39:50]} {[%emt 00:00:01]} 42. Qa3
{[%clk 00:28:00]} {[%emt 00:00:02]} Qd2 {[%clk 00:39:08]} {[%emt 00:01:11]} 43.
Re2 {[%clk 00:26:41]} {[%emt 00:01:50]} Qd1 {[%clk 00:39:23]} {[%emt 00:00:14]}
44. Qxe7 {[%clk 00:25:37]} {[%emt 00:01:35]} Qg1+ {[%clk 00:39:50]} {[%emt
00:00:03]} 45. Bg2 {[%clk 00:26:06]} {[%emt 00:00:01]} Rc8 {[%clk 00:40:14]}
{[%emt 00:00:07]} 46. Qa3 {[%clk 00:25:00]} {[%emt 00:01:35]} Qd4 {[%clk
00:40:12]} {[%emt 00:00:32]} 47. e7 {[%clk 00:25:22]} {[%emt 00:00:09]} Qd3+
{[%clk 00:38:42]} {[%emt 00:02:00]} 48. Qxd3 {[%clk 00:25:40]} {[%emt
00:00:11]} 1-0